Statystyki dla Metropolie globalne na mapie

Kliknij tutaj aby rozwiązać quiz!

Ogólne statystyki

  • Ten quiz został rozwiązany 5 634 razy
  • Średni wynik to 22 z 28

Odpowiedzi na mapie

Odpowiedzi skodowane kolorowo w zielono-czerwonej skali na mapie do tego quizu, zgodnie z poniższymi procentami.
 

Statystyki odpowiedzi

KategoriaMiasto% Poprawnych
Alpha++Londyn
98%
AlphaMadryt
97%
AlphaMoskwa
97%
Alpha++Nowy Jork
96%
Alpha+Paryż
96%
Alpha+Tokio
95%
AlphaAmsterdam
93%
AlphaBruksela
92%
AlphaPekin
90%
AlphaMeksyk
89%
AlphaLos Angeles
88%
Alpha+Sydney
87%
AlphaMediolan
82%
AlphaSeul
81%
AlphaWaszyngton
79%
Alpha+Dubaj
78%
AlphaBuenos Aires
77%
Alpha+Chicago
74%
AlphaSan Francisco
70%
Alpha+Singapur
70%
Alpha+Szanghaj
67%
Alpha+Hongkong
64%
AlphaFrankfurt
61%
AlphaSao Paulo
60%
AlphaToronto
59%
AlphaDżakarta
58%
AlphaKuala Lumpur
47%
AlphaMumbaj
47%

Rozkład punktacji

Percentyl według liczby udzielonych odpowiedzi

Procent ludzi z każdym wynikiem

Twoja historia wyników

Nie rozwiązałeś tego quizu